000 00678nam a2200277Ia 4500
005 20260324124259.0
008 008 260324s9999 xx 000 0 eng d
020 _a9781315097787
037 _aEBOOK
040 _aCRL
040 _beng
040 _cCRL
041 _2eng
041 _aeng
084 _qCRL
100 _aMark Ellis
_91173546
245 2 _aA Chord in Time: The Evolution of the Augmented Sixth from Monteverdi to Mahler
260 _bTaylor and Francis
260 _c2010
365 _a
365 _b240
856 _uhttp://www.taylorfrancis.com/books/9781315097787
942 _cEBOOK
999 _c1767789
_d1767789